A Centennial Collectanea (Record no. 229367)

MARC details
000 -LEADER
fixed length control field 00418nam a2200181Ia 4500
008 - FIXED-LENGTH DATA ELEMENTS--GENERAL INFORMATION
fixed length control field 240823s9999||||xx |||||||||||||| ||und||
082 ## - DEWEY DECIMAL CLASSIFICATION NUMBER
-- 920 Q5
100 ## - MAIN ENTRY--PERSONAL NAME
Personal name Sundaram G K
245 #2 - TITLE STATEMENT
Title A Centennial Collectanea
250 ## - EDITION STATEMENT
Edition statement 1st
260 ## - PUBLICATION, DISTRIBUTION, ETC. (IMPRINT)
Date of publication, distribution, etc 2015
Name of publisher, distributor, etc Bharatiya Vidya B
Place of publication, distribution, etc Mumbai
500 ## - GENERAL NOTE
General note YES
650 ## - SUBJECT ADDED ENTRY--TOPICAL TERM
Topical term or geographic name as entry element Biography
942 ## - ADDED ENTRY ELEMENTS (KOHA)
Item type Books
Holdings
Withdrawn status Lost status Damaged status Permanent location Current location Date acquired Source of acquisition Full call number Barcode Date last seen Koha item type Shelving location Cost, normal purchase price
      CENTRAL LIBRARY, NOORUL ISLAM CENTRE FOR HIGHER EDUCATION CENTRAL LIBRARY, NOORUL ISLAM CENTRE FOR HIGHER EDUCATION 02/27/2018 "Books On Wheels, Tirunelveli" 920 Q5 77691 08/23/2024 Books    
      CENTRAL LIBRARY, NOORUL ISLAM CENTRE FOR HIGHER EDUCATION CENTRAL LIBRARY, NOORUL ISLAM CENTRE FOR HIGHER EDUCATION 03/26/2026 Gift Books 920 Q5 85238 03/26/2026 Books General stacks 150.00
Visitors:
Copyright © 2024 Central Library NICHE.  All rights reserved.